Medios de servicio público y transparencia : (Record no. 106682)

MARC details
000 -LEADER
fixed length control field 00837cam a2200217 4500
008 - FIXED-LENGTH DATA ELEMENTS--GENERAL INFORMATION
fixed length control field 100323t20082008mx a 000 0 spa u
050 04 - LIBRARY OF CONGRESS CALL NUMBER
Classification number HE8689.4
Item number N38 2008
100 1# - MAIN ENTRY--PERSONAL NAME
Personal name Navarro, Fidela
245 10 - TITLE STATEMENT
Title Medios de servicio público y transparencia :
Remainder of title análisis y medición de su desempeño /
Statement of responsibility, etc Fidela Navarro, Ernesto Villanueva
250 ## - EDITION STATEMENT
Edition statement 1a ed.
260 ## - PUBLICATION, DISTRIBUTION, ETC. (IMPRINT)
Place of publication, distribution, etc México. :
Name of publisher, distributor, etc Senado de la república, Instituto de investigaciones jurídicas,
Date of publication, distribution, etc c2008
300 ## - PHYSICAL DESCRIPTION
Extent 565 p. :
Other physical details il. ;
Dimensions 23 cm.
506 ## - RESTRICTIONS ON ACCESS NOTE
Terms governing access Donación
504 ## - BIBLIOGRAPHY, ETC. NOTE
Bibliography, etc Incluye bibliografía e índice
650 #4 - SUBJECT ADDED ENTRY--TOPICAL TERM
Topical term or geographic name as entry element Medios masivos de comunicación
General subdivision Aspectos sociales
Geographic subdivision México
650 #4 - SUBJECT ADDED ENTRY--TOPICAL TERM
Topical term or geographic name as entry element Libertad de información
Geographic subdivision México.
700 1# - ADDED ENTRY--PERSONAL NAME
Personal name Villanueva, Ernesto, coaut
710 2# - ADDED ENTRY--CORPORATE NAME
Corporate name or jurisdiction name as entry element Senado de la República, LX legislatura
942 ## - ADDED ENTRY ELEMENTS (KOHA)
Source of classification or shelving scheme Biblioteca del Cogreso de los Estados Unidos
Koha item type Libro
Holdings
Estado de pérdida Fuente de clasificación Estado del daño No para préstamo Ubicación permanente Ubicación actual Apartado o colección Fecha de adquisición Edición Área del conocimiento Clasificación Código de Barras Date last seen Número de copia Tipo de recurso
  Biblioteca del Cogreso de los Estados Unidos     Biblioteca de la Unidad de Ciencias Ingeniería y Humanidades Biblioteca de la Unidad de Ciencias Ingeniería y Humanidades General 28/05/2019 1a. ed. Ciencias Sociales y Administrativas HE8689.4 N38 2008 BCU000006990 28/05/2019 C:1 Libro